Number 1 Hits of 2024 - Statistics

General Stats
  • This quiz has been taken 42 times
  • The average score is 8 of 15
Answer Stats
Artist Song % Correct
Kendrick Lamar Not Like Us
86%
Beyoncé Texas Hold 'Em
74%
Shaboozey A Bar Song (Tipsy)
71%
Sabrina Carpenter Please Please Please
69%
Taylor Swift ft. Post Malone Fortnight
63%
Hozier Too Sweet
63%
Teddy Swims Lose Control
60%
¥$ (Kanye West, Ty Dolla $ign), Rich the Kid ft. Playboi Carti Carnival
57%
We Can't Be Friends (Wait for Your Love)
51%
Post Malone ft. Morgan Wallen I Had Some Help
43%
Future, Metro Boomin, Kendrick Lamar Like That
43%
Ariana Grande Yes, And?
31%
Megan Thee Stallion Hiss
26%
Squabble Up
17%
Morgan Wallen Love Somebody
3%
No matching quizzes found
Score Distribution
Percent of People with Each Score
Percentile by Number Answered
Your Score History
You have not taken this quiz